[Event "Golubitskaya"]
[Site "Golubitskaya"]
[Date "2017.07.22"]
[Round "1"]
[White "Vlasenko, Alexey"]
[Black "Tyunin, Vladislav"]
[Result "1-0"]
[WhiteElo "2437"]
[BlackElo "2222"]
[PlyCount "73"]
[EventDate "2017.07.22"]
[EventType "tourn"]
[EventRounds "9"]
[EventCountry "RUS"]
[EventCategory "2"]
[SourceTitle "CBM 179 Extra"]
[Source "ChessBase"]
[SourceDate "2017.08.23"]
[SourceVersion "1"]
[SourceVersionDate "2017.08.23"]
[SourceQuality "1"]

1. e4 c5 2. b3 d6 3. Bb2 Nf6 4. Nc3 e5 5. Bb5+ Nc6 6. Nge2 Be7 7. 0-0 0-0 8. f4 Nd4 9. Bd3 Bd7 10. Nxd4 cxd4 11. Ne2 Bc6 12. Ng3 g6 13. Qf3 Nd7 14. fxe5 dxe5 15. Bc4 Kg7 16. Qg4 b5 17. Nf5+ Kh8 18. Nxe7 Qxe7 19. Bd3 Nc5 20. Ba3 a5 21. Bxc5 Qxc5 22. Rf6 b4 23. Raf1 Ra7 24. h4 a4 25. h5 Kg7 26. a3 Bd7 27. Qg5 bxa3 28. h6+ Kg8 29. Bc4 Be6 30. Bxe6 d3+ 31. Kh2 fxe6 32. Rxf8+ Qxf8 33. Rxf8+ Kxf8 34. Qf6+ Kg8 35. Qxe6+ Kf8 36. Qxe5 a2 37. Qb8+ 1-0

[Event "Gorodovikovsk Bashanta"]
[Site "Gorodovikovsk"]
[Date "2016.??.??"]
[Round "7"]
[White "Pilavov, Georgy"]
[Black "Vlasenko, Alexey"]
[Result "1-0"]
[WhiteElo "2609"]
[BlackElo "2398"]
[PlyCount "53"]
[EventDate "2016.03.15"]
[EventType "tourn"]
[EventRounds "14"]
[EventCountry "RUS"]
[EventCategory "3"]
[SourceTitle "CBM 171 Extra"]
[Source "ChessBase"]
[SourceDate "2016.04.26"]
[SourceVersion "1"]
[SourceVersionDate "2016.04.26"]
[SourceQuality "1"]

1. d4 Nf6 2. Bg5 d6 3. Bxf6 gxf6 4. c4 e5 5. Nc3 Bg7 6. e3 0-0 7. g3 f5 8. Nge2 c6 9. Bg2 Nd7 10. 0-0 Nf6 11. b4 Be6 12. d5 Bd7 13. dxc6 Bxc6 14. Nd5 e4 15. Nxf6+ Bxf6 16. Rc1 d5 17. Nd4 Bxd4 18. Qxd4 dxc4 19. Qxc4 a6 20. Qc5 Qf6 21. Bh3 Bd7 22. Qc7 Be6 23. Qxb7 Rab8 24. Qxa6 Rxb4 25. Rc5 Rb2 26. a4 Qg7 27. Qa5 1-0

[Event "Gorodovikovsk Bashanta"]
[Site "Gorodovikovsk"]
[Date "2016.??.??"]
[Round "14"]
[White "Serodedenko, Dmitry"]
[Black "Vlasenko, Alexey"]
[Result "0-1"]
[WhiteElo "2311"]
[BlackElo "2398"]
[PlyCount "46"]
[EventDate "2016.03.15"]
[EventType "tourn"]
[EventRounds "14"]
[EventCountry "RUS"]
[EventCategory "3"]
[SourceTitle "CBM 171 Extra"]
[Source "ChessBase"]
[SourceDate "2016.04.26"]
[SourceVersion "1"]
[SourceVersionDate "2016.04.26"]
[SourceQuality "1"]

1. d4 d5 2. c4 e5 3. dxe5 d4 4. Nf3 Nc6 5. e3 Bb4+ 6. Bd2 dxe3 7. fxe3 Bg4 8. Bxb4 Nxb4 9. Qxd8+ Rxd8 10. Nd4 Rxd4 11. exd4 Nc2+ 12. Kd2 Nxa1 13. h3 Bf5 14. Nc3 f6 15. exf6 Nxf6 16. Bd3 Bxd3 17. Kxd3 Nb3 18. axb3 Kd7 19. b4 Rf8 20. b5 Nh5 21. Ne2 Rf2 22. Ke3 Rxe2+ 23. Kxe2 Ng3+ 0-1

[Event "Dvorkovich Memorial op"]
[Site "Taganrog"]
[Date "2014.01.19"]
[Round "2"]
[White "Bykov, Egor"]
[Black "Vlasenko, Alexey"]
[Result "1-0"]
[WhiteElo "2089"]
[BlackElo "2319"]
[PlyCount "65"]
[EventDate "2014.01.18"]
[EventType "swiss"]
[EventRounds "9"]
[EventCountry "RUS"]
[SourceTitle "CBM 158 Extra"]
[Source "ChessBase"]
[SourceDate "2014.02.28"]
[SourceVersion "1"]
[SourceVersionDate "2014.02.28"]
[SourceQuality "1"]

1. d4 Nf6 2. Nf3 e6 3. c4 Bb4+ 4. Bd2 a5 5. Bxb4 axb4 6. Nbd2 d6 7. e3 0-0 8. Bd3 Nbd7 9. a3 bxa3 10. Qb3 e5 11. Rxa3 Rxa3 12. Qxa3 Re8 13. dxe5 dxe5 14. Bc2 e4 15. Nd4 c5 16. Nb5 Ng4 17. Nd6 Re6 18. N2xe4 f5 19. Nxf5 Ra6 20. Qd3 Ra1+ 21. Bb1 Rxb1+ 22. Qxb1 Nde5 23. Nfd6 Qh4 24. Nxc8 Nxe3 25. g3 Ng2+ 26. Kf1 Qh3 27. Ng5 Ne3+ 28. Ke2 Qh5+ 29. Kxe3 Qxg5+ 30. f4 Nxc4+ 31. Kf2 Qd8 32. Qd1 Nd2 33. Ke2 1-0

[Event "Golubitskaya Rating"]
[Site "Golubitskaya"]
[Date "2009.07.21"]
[Round "7"]
[White "Pudovkin, Dmitry"]
[Black "Vlasenko, Alexey"]
[Result "1/2-1/2"]
[WhiteElo "2320"]
[BlackElo "2336"]
[PlyCount "42"]
[EventDate "2009.07.21"]
[EventType "tourn"]
[EventRounds "9"]
[EventCountry "RUS"]
[SourceTitle "EXT 2022"]
[Source "ChessBase"]
[SourceDate "2021.10.06"]
[SourceVersion "1"]
[SourceVersionDate "2021.10.06"]
[SourceQuality "1"]

1. d4 d5 2. c4 c6 3. Nc3 Nf6 4. e3 g6 5. Nf3 Bg7 6. Bd3 dxc4 7. Bxc4 0-0 8. Qb3 b5 9. Be2 a5 10. a3 Be6 11. Qc2 Nbd7 12. 0-0 Nb6 13. Bd2 Nc4 14. Bxc4 Bxc4 15. Rfc1 Nd5 16. Nxd5 Qxd5 17. e4 Qe6 18. Ng5 Qg4 19. e5 Bd5 20. f3 Qd7 21. Be3 a4 1/2-1/2

[Event "Golubitskaya Rating"]
[Site "Golubitskaya"]
[Date "2009.07.21"]
[Round "6"]
[White "Vlasenko, Alexey"]
[Black "Kulikova, Ekaterina"]
[Result "1-0"]
[WhiteElo "2336"]
[BlackElo "1785"]
[PlyCount "77"]
[EventDate "2009.07.21"]
[EventType "tourn"]
[EventRounds "9"]
[EventCountry "RUS"]
[SourceTitle "EXT 2022"]
[Source "ChessBase"]
[SourceDate "2021.10.06"]
[SourceVersion "1"]
[SourceVersionDate "2021.10.06"]
[SourceQuality "1"]

1. d4 d5 2. c4 c6 3. Nf3 Nf6 4. Nc3 a6 5. cxd5 cxd5 6. Bf4 Nc6 7. e3 Bg4 8. Be2 e6 9. h3 Bf5 10. 0-0 Be7 11. Rc1 0-0 12. Na4 Ne4 13. Qb3 Ra7 14. Nc5 Bxc5 15. dxc5 Qa5 16. Qb6 Qxb6 17. cxb6 Raa8 18. Rxc6 bxc6 19. b7 Rad8 20. Nd4 Nc5 21. Nxc6 Nxb7 22. Nxd8 Rxd8 23. Rc1 f6 24. Bxa6 Nd6 25. Bxd6 Rxd6 26. Bb5 e5 27. Kf1 Kf7 28. Ke2 d4 29. Rc7+ Kf8 30. a4 d3+ 31. Kd2 e4 32. b4 Be6 33. a5 f5 34. a6 Rd8 35. Bc6 Bd5 36. Bxd5 Rxd5 37. a7 Rd8 38. b5 Ra8 39. b6 1-0